00532 2200217 4500001002100000005001500021035002000036245005300056100001800109250000700127300003000134700002200164260003500186082001200221084001800233020001800251600001800269990000900287990000900296990000900305INLIS00000000000001420250924103525 a0010-09250000051 a6 Jam Ngeblog dengan Word Press /cMardiana Wati0 aMardiana Wati a1. aviii + 176 hlm. ;c19 cm.0 aNderek Guru Media aBandung :bYrama Widya,c2011. a004.678 a004.678 MAR e a9789790772168 4aMardiana Wati a1527 a1528 a1529